000 00345nam a2200157Ia 4500
100 _aNavet/Nicolas
650 _aHandbook
942 _cRB
366 _f20
654 _aembedded systems
245 _aAutomotive embedded systems Handbook
260 _bCRC Press
_c2009
082 _a3.3
_bNAV
546 _aENGLISH
_cInfo.Tech
999 _c28019
_d28019